| 000 | 00604 a2200181 4500 | ||
|---|---|---|---|
| 020 | _a0534377181 | ||
| 040 |
_aDLC _bDLC |
||
| 082 | 0 | 0 | _a515 |
| 100 | 1 | _aStewart, James, | |
| 245 | 1 | 0 |
_aCalculus : concepts and contexts _cJames Stewart. |
| 250 | _a2nd ed. | ||
| 260 |
_aUSA ; _aPacific Grove, CA : _bBrooks/Cole, _cc2001. |
||
| 300 |
_axxiv, 990, 145, 8 p. : _bill. (some col.) ; _c27 cm. + _e1 computer optical disc (4 3/4 in.) |
||
| 500 | _aIncludes index. | ||
| 538 | _aSystem requirements for accompanying computer disc: Windows 95, 98, or NT 4.0. | ||
| 650 | 0 | _aCalculus. | |
| 942 |
_cBK _k515 STE _2ddc |
||
| 999 |
_c7337 _d7337 |
||